| 000 | 00624nam a2200229 i 4500 | ||
|---|---|---|---|
| 001 | 67317 | ||
| 003 | ES-MaACL | ||
| 005 | 20230906170036.0 | ||
| 007 | t| | ||
| 008 | 040518s2002 mx ||||1| spa d | ||
| 020 | _a968-411-544-X | ||
| 080 | _a821.134.2(72)-31"19" | ||
| 100 | 1 |
_aRuiz, Fabiola. _9100604 |
|
| 245 | 1 | 0 |
_aTelares / _cFabiola Ruiz. |
| 250 | _a[1ª ed.]. | ||
| 260 |
_aMéxico : _bEra : _bInstituto Nacional de Bellas Artes, _c2002. |
||
| 300 |
_a287 p. ; _c21 cm. |
||
| 490 | 1 | _aBiblioteca Era | |
| 830 | 0 |
_aBiblioteca Era _9183201 |
|
| 852 |
_aES-MaACL _jL-27530 _bR.133164 |
||
| 999 |
_c67317 _d67317 |
||